000 00578 a2200169 4500
003 NUST
005 20230118153103.0
040 _cNust
082 _a418.4,CUT
100 _aDr. Wade. E. Cutler
_913362
245 _aTriple your reading Speed /
_cDr.Wade E. Cutler
260 _aNew York
_bARCO publishing company
_c1978
300 _a126,p;
505 _aLearn About Reading and Yourself (Page-11), Identify and Overcome Your Blocks to Better Reading (Page-29), Become An Accelerated Reader (Page-41).
650 _aTriple your reading
_9107024
942 _2ddc
_cBK
_k418.4,CUT
999 _c185329
_d185329